[Event "Wch U10"]
[Site "Pocos de Caldas"]
[Date "2017.08.25"]
[Round "5"]
[White "Prestia, Frank"]
[Black "Chen, Max"]
[Result "1-0"]
[WhiteElo "1609"]
[BlackElo "1635"]
[PlyCount "55"]
[EventDate "2017.08.22"]
[EventType "swiss"]
[EventRounds "11"]
[EventCountry "BRA"]
[SourceTitle "CBM 180 Extra"]
[Source "ChessBase"]
[SourceDate "2017.10.06"]
[SourceVersion "1"]
[SourceVersionDate "2017.10.06"]
[SourceQuality "1"]

1. d4 Nf6 2. c4 g6 3. Nc3 d5 4. cxd5 Nxd5 5. e4 Nxc3 6. bxc3 Bg7 7. Bc4 c5 8. Ne2 0-0 9. Be3 Nc6 10. 0-0 Qc7 11. Rb1 Rd8 12. f3 e6 13. Rc1 b6 14. Bb5 Bb7 15. Qc2 a6 16. Bxc6 Qxc6 17. Rfd1 Rac8 18. Qb3 Ba8 19. Rb1 b5 20. dxc5 Bf8 21. Qb4 e5 22. c4 Rxd1+ 23. Rxd1 Kg7 24. cxb5 Qxb5 25. Rc1 Qd7 26. Qc3 f6 27. Qb3 Bc6 28. Nc3 1-0

[Event "Windsor NAYCC U10"]
[Site "Windsor"]
[Date "2016.08.09"]
[Round "5.124"]
[White "Prestia, Frank"]
[Black "Tang, Andrew"]
[Result "0-1"]
[WhiteElo "1640"]
[BlackElo "1539"]
[PlyCount "70"]
[EventDate "2016.08.07"]
[EventType "swiss"]
[EventRounds "9"]
[EventCountry "CAN"]
[SourceTitle "EXT 2022"]
[Source "ChessBase"]
[SourceDate "2021.10.06"]
[SourceVersion "1"]
[SourceVersionDate "2021.10.06"]
[SourceQuality "1"]

1. d4 Nf6 2. c4 g6 3. Nc3 Bg7 4. e4 d6 5. f4 0-0 6. Nf3 c5 7. d5 Re8 8. Be2 e6 9. 0-0 exd5 10. exd5 Bf5 11. Nh4 Ne4 12. Nxe4 Bxe4 13. Nf3 Nd7 14. Qb3 Bxd5 15. cxd5 Rxe2 16. Qxb7 Bxb2 17. Bxb2 Rb8 18. Qxa7 Rbxb2 19. Ne1 Nf6 20. f5 g5 21. Qa3 Nxd5 22. Rf3 Qe8 23. Qa5 Rb5 24. Qa3 Rxe1+ 25. Rxe1 Qxe1+ 26. Rf1 Qd2 27. Qa8+ Kg7 28. Qd8 Nf6 29. Kh1 Rb2 30. Rg1 Ne4 31. h3 Nf2+ 32. Kh2 Qf4+ 33. g3 Ne4+ 34. Kh1 Qf3+ 35. Rg2 Qxg2# 0-1

[Event "Windsor NAYCC U10"]
[Site "Windsor"]
[Date "2016.08.09"]
[Round "4.128"]
[White "Zhao, Jeffrey R"]
[Black "Prestia, Frank"]
[Result "0-1"]
[WhiteElo "1496"]
[BlackElo "1640"]
[PlyCount "160"]
[EventDate "2016.08.07"]
[EventType "swiss"]
[EventRounds "9"]
[EventCountry "CAN"]
[SourceTitle "EXT 2022"]
[Source "ChessBase"]
[SourceDate "2021.10.06"]
[SourceVersion "1"]
[SourceVersionDate "2021.10.06"]
[SourceQuality "1"]

1. e4 e6 2. d4 b6 3. c4 Bb7 4. Nc3 Bb4 5. Qc2 c5 6. d5 exd5 7. cxd5 Nf6 8. Bd3 d6 9. Nf3 0-0 10. 0-0 Nbd7 11. Bf4 Qe7 12. Nb5 Ne5 13. Nxe5 dxe5 14. Bd2 Bxd2 15. Qxd2 a6 16. Nc3 Nh5 17. Ne2 Nf6 18. a4 c4 19. Bc2 b5 20. Ng3 g6 21. Rfc1 Nd7 22. axb5 axb5 23. Ra5 Qc5 24. Rca1 Qb6 25. Rxa8 Rxa8 26. Rxa8+ Bxa8 27. Qb4 Nc5 28. Ne2 Bb7 29. Qc3 Qa7 30. h3 Nd7 31. Qb4 Ba6 32. Qe7 Kg7 33. Kh2 Qb7 34. Qb4 Qb6 35. Qe7 Qxf2 36. Qxd7 Qxe2 37. Qd6 Qxc2 38. Qxa6 Qxb2 39. d6 Qd4 40. Qxb5 Qxd6 41. Qxc4 Qd4 42. Qc6 Qf2 43. Qd5 Qf4+ 44. Kh1 Qg3 45. Qd2 Qf4 46. Qd5 Kh6 47. Kg1 Kg7 48. Kh1 Qf1+ 49. Kh2 Qf4+ 50. Kh1 Qc1+ 51. Kh2 Qc7 52. Kh1 f5 53. exf5 Qc1+ 54. Kh2 Qf4+ 55. Kh1 Qxf5 56. Qb7+ Qf7 57. Qe4 Qf1+ 58. Kh2 Qf4+ 59. Qxf4 exf4 60. Kg1 Kf6 61. g3 g5 62. Kf2 Ke5 63. Kf3 h5 64. gxf4+ gxf4 65. h4 Kf5 66. Kf2 Kg4 67. Kg2 Kxh4 68. Kf3 Kg5 69. Kg2 Kg4 70. Kf2 f3 71. Kg1 Kg3 72. Kf1 f2 73. Ke2 Kg2 74. Kd2 f1Q 75. Kc2 h4 76. Kb2 h3 77. Ka3 h2 78. Kb2 h1Q 79. Ka2 Qb5 80. Ka3 Qa1# 0-1